| 000 | 00572nam a22001817a 4500 | ||
|---|---|---|---|
| 999 |
_c15437 _d15437 |
||
| 003 | AR-CdUCM | ||
| 008 | 190427b ||||| |||| 00| 0 spa d | ||
| 040 |
_aMUNICIPALIDAD PROVINCIAL DEL CUSCO _cBIBLIOTECA MUNICIPAL DEL CUSCO |
||
| 082 |
_aEP / 398.25 / _bN55 |
||
| 100 |
_aNieri de Dammert, Graciela _934505 |
||
| 245 | _aEl pajaro encantado / | ||
| 260 |
_aLima : _bBruño, _c1997. |
||
| 300 |
_a16 páginas ; _c28 cm. _bilustraciones, |
||
| 440 |
_aColección girasol _934506 |
||
| 650 |
_aCuentos infantiles _93927 |
||
| 942 |
_2ddc _cLIBROS |
||
| 945 |
_arah _d27/04/2019 |
||